| 000 | 02587nam a2200289 u 4500 | ||
|---|---|---|---|
| 001 | 000032046 | ||
| 003 | OSt | ||
| 005 | 20260321073642.0 | ||
| 008 | 100813s2015 dr 000 0 spa d | ||
| 020 | _a9789945166965 | ||
| 040 |
_aDO-SdBNP _bspa _cBNPHU |
||
| 082 |
_a410 _bM971n |
||
| 100 | 1 |
_aMuñoz Pineda, Yonni, _d1964- _942962 |
|
| 245 | 1 | 0 |
_aNociones lingüísticas elementales / _cYonni Muñoz Pineda. |
| 260 |
_aSanto Domingo : _bBúho, _c2015. |
||
| 300 |
_a190 p. ; _c22 cm. |
||
| 500 | _aIncluye datos biográficos del autor en la contracubierta | ||
| 504 | _aBibliografía: p.187-190 | ||
| 505 | 0 |
_aAspectos, disciplinas y especialidades lingüisticas. Práctica 1. Texto para leer, analizar y comentar: nos han dado la tierra / _rJuan Rulfo -- _tLenguaje, lengua, habla y unidades ligüisticas. Práctica 2. Texto para leer, analizar y comentar: la mancha indeleble / _rJuan Bosch -- _tEvolución de los estudios lingüisticos. Práctica 3. Texto para leer, analizar y comenta : Armonía y relaciones humanas / _rGregorio Mateu -- _tCorrientes lingüísticas contemporáneas. Práctica 4. Texto para leer, analizar y comentar: Como gata boca arriba / _rGioconda Belli -- _tProducción, propaganda y audición de los sonidos del habla. Práctica 5.Texto para leer, analizar y comentar: "Bailando con los negros" / _rPablo Neruda -- _tFonemas y grupos fonéticos. Prática 6. Texto para leer, analizar y comentar: "Poética de los días" _rEdwin Guzmán -- _tRasgos fónicos y oposiciones fonológicas. Práctica 7. Texto para leer, analizar y comentar: Tú me quieres blanca / _rAlfonsina Storni -- _tAlteraciones de las normas : fonético-fonológicas del español. Práctica 8. Texto para leer, analizar y comentar : la jacagüera / _rMaría Díaz de Stern -- _tEstructuración de las palabras. Práctica 9. Texto para leer, analizar y comentar : Una gallina/ _rClarice Lispector -- _tNombres, pronombres, determinantes y adjetivos. Práctica 10. Texto para leer, analizar y comentar: Ladrón de sábado / _rGabriel García Márquez -- _tEl verbo. Práctica 11. Texto para leer, analizar y comentar: El centavo / _rManuel del Cabral -- _tAdverbio, preposición, conjunción e interjección. Práctica 12. Texto para leer, analizar y comentar: ¡Qué es la autoestima? _rIvelisse Ornes. |
|
| 590 | _aInventariado, 2018/VM | ||
| 600 | 1 | 0 |
_a Bosch, Juan, _d1909-2001 _976555 |
| 600 | 1 | 4 |
_aMateu, Gregorio, _xCrítica textual _958176 |
| 600 | 1 | 4 |
_aBilli, Gioconda, _xCrítica textual _958177 |
| 650 | 4 |
_aLinguística _91604 |
|
| 910 | _aValidado. Control de calidad MFF | ||
| 942 |
_2ddc _cLBS1 |
||
| 999 |
_c31537 _d31537 |
||